000 00255nam a2200109 a 4500
005 20140414132025.0
008 110315s19uu xx 00 eng d
050 _aTR
_bG89 2001
100 _aEdgecombe, Jane
245 _aGross and Gooey.
999 _c113543
_d113543